000 00822nam a2200241Ia 4500
003 OSt
005 20220918111030.0
006 a|||||r|||| 00| 0
007 ta
008 220915b |||||||| |||| 00| 0 hin d
024 _a209415
037 _cReference Collections
040 _aARTS
_cARTS
_bhin
041 _2hin
_ahin
082 _aQ2:22k, 152M4(RR)
100 _aपिल्ले, एनी0 पी0 कुट्टन
_910485
245 0 _aपौराणिक संदर्भ कोश
246 _aPaurāṇik sandarbha kosha
260 _aहैदराबाद
_bकिरण प्रका0
_c1984
300 _a811पृ0
942 _hQ2:22k, 152M4(RR)
_cREF
999 _c116544
_d116544